Swachh Bharat Abhiyan/ (Record no. 173302)

MARC details
000 -LEADER
fixed length control field 00581nam a22001937a 4500
005 - DATE AND TIME OF LATEST TRANSACTION
control field 20200224123215.0
010 ## - LCCN (DPL NO)
LC control number ENG-127879
020 ## - INTERNATIONAL STANDARD BOOK NUMBER
International Standard Book Number 9788188995417
Terms of availability 595.00
035 ## - SYSTEM CONTROL NUMBER
System control number EN-111411
037 ## - SOURCE OF ACQUISITION
Source of stock number/acquisition DBAD/PUB
082 ## - DEWEY DECIMAL CLASSIFICATION NUMBER
Classification number 363.720954
100 ## - MAIN ENTRY--PERSONAL NAME
Personal name M.K.Singh
245 ## - TITLE STATEMENT
Title Swachh Bharat Abhiyan/
Statement of responsibility, etc by M.K.Singh
260 ## - PUBLICATION, DISTRIBUTION, ETC. (IMPRINT)
Place of publication, distribution, etc New Delhi
Name of publisher, distributor, etc Gyandeep Prakashan
Date of publication, distribution, etc 2019
270 ## - ADDRESS
Address 689/3,Mehrauli, Near Roopanwala Kuan,
City New Delhi
Postal code 110030
300 ## - PHYSICAL DESCRIPTION
Extent vii;178p.
Dimensions 23cm (hb)
500 ## - GENERAL NOTE
General note Includes Bibliography and Index
942 ## - ADDED ENTRY ELEMENTS (KOHA)
Source of classification or shelving scheme Dewey Decimal Classification
Item type English Books
Classification part 363.720954
Call number suffix SIN
Holdings
Withdrawn status Lost status Not for loan Collection code Home library Current library Date acquired Source of acquisition Cost, normal purchase price Full call number Barcode Copy number Cost, replacement price Koha item type
      Non-fiction Central Library Central Library 21/02/2020 DBAD/PUB 595.00 363.720954 SIN EN-111411 1 595.00 English Books

© Delhi Public Library
Hit Counter
free hit counter